• 首页
  • 本馆介绍
  • 公告通知
  • 最新文献
  • 馆藏检索
  • 电子资源
  • 读者导购
  • 参考咨询
  • 我的图书馆
  • 登录
  • 详细信息显示
  • 放入我的书架
  • 预约/预借图书
  • 作者相关作品
  • 分类相关作品
  • 丛书相关作品
  • 出版社相关作品

书目信息

  • 表格格式
  • 工作单格式
  • 卡片格式
题名:
校园足球开展情况解析与实践指导
    
 
作者: 王欣 著
分册:  
出版信息: 长春   吉林大学出版社  2020
页数: 251页
开本: 24cm
丛书名:
单 册:
中图分类: G843.2
科图分类:
主题词: 青少年--足球运动--研究--中国
电子资源:
ISBN: 978-7-5692-6067-0
000 00884nam0 2200217 450
001 2234240762
005 20221019093105.56
010    @a978-7-5692-6067-0@dCNY79.00
100    @a20200903d2020 em y0chiy50 ea
101 0  @achi
102    @aCN@b220000
105    @aa z 000yy
200 1  @a校园足球开展情况解析与实践指导@9xiao yuan zu qiu kai zhan qing kuang jie xi yu shi jian zhi dao@f王欣著
210    @a长春@c吉林大学出版社@d2020
215    @a251页@c图@d24cm
330    @a本书以校园足球为研究对象,对校园足球的开展情况进行了详细分析,并对足球运动开展的实践进行了指导。本书首先论述了足球运动以及校园足球运动的基本知识,在此基础上对校园足球运动的开展情况进行了分析,最后对校园足球运动的技战术及游戏学练方法进行了研究。
606 0  @a青少年@x足球运动@x研究@y中国
690    @aG843.2@v5
701  0 @a王欣@9wang xin@4著
801  0 @aCN@b91MARC@c20201022
905    @aZUCC@dG843.2@e3
    
    校园足球开展情况解析与实践指导/王欣著.-长春:吉林大学出版社,2020
    251页:图;24cm
    
    
    ISBN 978-7-5692-6067-0:CNY79.00
    本书以校园足球为研究对象,对校园足球的开展情况进行了详细分析,并对足球运动开展的实践进行了指导。本书首先论述了足球运动以及校园足球运动的基本知识,在此基础上对校园足球运动的开展情况进行了分析,最后对校园足球运动的技战术及游戏学练方法进行了研究。
●
相关链接 在五车中查询图书 在当当中查询图书 在豆瓣中查询图书


正题名:校园足球开展情况解析与实践指导     索取号:G843.2/3         预约/预借

序号 登录号 条形码 馆藏地/架位号 状态 备注
1 2000914498   2000914498   第三书库/ [索取号:G843.2/3] 在馆    
2 2000914499   2000914499   第三书库/ [索取号:G843.2/3] 在馆    
3 2000914500   2000914500   第三书库/ [索取号:G843.2/3] 在馆    
山东省滨州职业学院图书馆 欢迎您!
大连网信软件有限公司© 版权所有